Central Library OPAC University of Rajshahi

Human resource management : (Record no. 86319)

MARC details
000 -LEADER
fixed length control field 01201nam a2200349 a 4500
001 - CONTROL NUMBER
control field 86319
003 - CONTROL NUMBER IDENTIFIER
rucl marc code BD-RjUL
005 - DATE AND TIME OF LATEST TRANSACTION
control field 20260406103242.0
008 - FIXED-LENGTH DATA ELEMENTS--GENERAL INFORMATION
fixed length control field 260406s2022 caua b 001 0 eng
020 ## - INTERNATIONAL STANDARD BOOK NUMBER
International Standard Book Number 9781544396866
Qualifying information (paperback ; alk. paper)
International Standard Book Number 9781071839836
Canceled/invalid ISBN 9781544396873
Qualifying information (epub)
Canceled/invalid ISBN 9781544396880
Qualifying information (epub)
International Standard Book Number 9781544396897
Qualifying information (pdf)
035 ## - SYSTEM CONTROL NUMBER
System control number (BD-RjUL)86319
040 ## - CATALOGING SOURCE
Original cataloging agency DLC
Language of cataloging eng
Transcribing agency DLC
Description conventions rda
Modifying agency DLC
-- BD-RjUL
041 ## - LANGUAGE CODE
Language code of text/sound track or separate title eng
042 ## - AUTHENTICATION CODE
Authentication code pcc
082 00 - DEWEY DECIMAL CLASSIFICATION NUMBER
Edition number 23
Classification number 658.3
Author mark and year LUH 2022
100 1# - MAIN ENTRY--PERSONAL NAME
Personal name Lussier, Robert N.,
Relator term author.
9 (RLIN) 18019
245 10 - TITLE STATEMENT
Title Human resource management :
Remainder of title functions, applications, and skill development /
Statement of responsibility, etc. Robert N. Lussier, Springfield College, John R. Hendon, University of Arkansas at Little Rock.
250 ## - EDITION STATEMENT
Edition statement Fourth edition.
264 #1 - PRODUCTION, PUBLICATION, DISTRIBUTION, MANUFACTURE, AND COPYRIGHT NOTICE
Place of production, publication, distribution, manufacture Los Angeles :
Name of producer, publisher, distributor, manufacturer SAGE,
Date of production, publication, distribution, manufacture, or copyright notice 2022
300 ## - PHYSICAL DESCRIPTION
Pagination xxv, 670 pages :
Illustrations color illustratios ;
Size 28 cm.
336 ## - CONTENT TYPE
Content type term text
Content type code txt
Source rdacontent
337 ## - MEDIA TYPE
Media type term unmediated
Media type code n
Source rdamedia
338 ## - CARRIER TYPE
Carrier type term volume
Carrier type code nc
Source rdacarrier
504 ## - BIBLIOGRAPHY, ETC. NOTE
Bibliography, etc Includes bibliographical references and index.
650 #0 - SUBJECT ADDED ENTRY--TOPICAL TERM
Topical term or geographic name as entry element Personnel management.
700 1# - ADDED ENTRY--PERSONAL NAME
Personal name Hendon, John R.,
Relator term author.
942 ## - ADDED ENTRY ELEMENTS (KOHA)
Source of classification or shelving scheme Dewey Decimal Classification
Koha item type Books
Holdings
Lost status Source of classification or shelving scheme Damaged status Not for loan Collection code Permanent Location Current Location Shelving location Date acquired Source of acquisition Cost, normal purchase price Full call number Date last seen Copy number Koha item type Total Checkouts
  Dewey Decimal Classification   Not For Loan Fiction Central Library, University of Rajshahi Central Library, University of Rajshahi Reading Room 02/04/2026 Omni Concept, Dhaka 28798.00 658.3 LUH 2022 06/04/2026 C-1 Books  
  Dewey Decimal Classification     Fiction Central Library, University of Rajshahi Central Library, University of Rajshahi General Stacks 02/04/2026 Omni Concept, Dhaka 28798.00 658.3 LUH 2022 06/04/2026 C-2 Books